| 000 | 01774nam0a2200373 4500 | ||
|---|---|---|---|
| 001 | RU\NLR\bibl\1103678 | ||
| 005 | 20260607062916.0 | ||
| 010 |
_a5-699-09992-1 _912000 |
||
| 021 |
_aRU _b2007-35821 _91900 |
||
| 035 | _a(nilc)EL/0000115990 | ||
| 035 | _a(NLR Aleph) 001090757 | ||
| 090 |
_a1116782 _c1116782 |
||
| 100 | _a20070404d2006 |||y0rusy50 ca | ||
| 101 | 0 | _arus | |
| 102 | _aRU | ||
| 105 | _aa ||||||||| | ||
| 200 | 1 |
_aЧудесные русские сказки _e[для дошкольного возраста _fрус. народ. сказки в пересказе Г. Джаладян и др. _gхудож. А. Басюбина и др.] |
|
| 210 |
_aМосква _cЭксмо _d2006 |
||
| 215 |
_a194, [5] с. _cцв. ил. _d27 |
||
| 327 | 0 | _aСодерж.: Волшебное кольцо ; Баба-Яга ; Двое из сумы ; Морозко ; Лихо одноглазое ; По щучьему велению ; Сивка-бурка ; Кощей Бессмертный ; Финист - ясный сокол ; Чудо-юдо [и др.] | |
| 610 | 1 | _aСказки русские (д. л.) | |
| 675 |
_a821.161.1-93 _v3 _zrus |
||
| 686 |
_a17.82.93 _2rugasnti |
||
| 686 |
_a82.3(2Рос-Рус)-6 _2rubbk |
||
| 686 |
_aШ9(2)3=Р-2я43 _2rubbk |
||
| 686 |
_a82.3(2Рос=Рус)-4 _vLBC/RL _2rubbk |
||
| 702 | 1 |
_4440 _7ca _8rus _aБасюбина _bА. М. _gАнастасия Михайловна _935338 _3RU\NLR\auth\7752405 |
|
| 702 | 1 |
_4570 _7ca _8rus _aДжаладян _bГ. С. _gГалина Семеновна _9828 _3RU\NLR\auth\7717743 |
|
| 801 | 0 |
_aRU _bПермская ГОУБ _c20070404 _grcr |
|
| 801 | 1 |
_aRU _bПермская ГОУБ _c20070404 |
|
| 801 | 2 |
_aRU _bNLR _c20070629 _grcr |
|
| 942 | _cBOOK | ||
| 980 | _aNB | ||